Normal view
MARC view
Entry Topical Term
001 - CONTROL NUMBER
- control field: 32717
003 - CONTROL NUMBER IDENTIFIER
- control field: ARRUPE
005 - DATE AND TIME OF LATEST TRANSACTION
- control field: 20170703103912.0
008 - FIXED-LENGTH DATA ELEMENTS
- fixed length control field: 170703|| aca||aabn | a|a d
040 ## - CATALOGING SOURCE
- Original cataloging agency: ARRUPE
- Transcribing agency: ARRUPE
150 ## - HEADING--TOPICAL TERM
- Topical term or geographic name as entry element: Religion
- General subdivision: Congresses.
670 ## - SOURCE DATA FOUND
- Source citation: Work cat.: (ARRUPE)32096: International Congress of Learned Societies in the Field of Religion, Los Angeles, 1972. 32716, Religion and the humanizing of man;, 1973.